[Event "Yuzhny op"]
[Site "Yuzhny"]
[Date "2011.09.08"]
[Round "9"]
[White "Plaksin, Valeriy"]
[Black "Voropayev, Ivan"]
[Result "1/2-1/2"]
[WhiteElo "2189"]
[BlackElo "2101"]
[PlyCount "121"]
[EventDate "2011.09.03"]
[EventType "swiss"]
[EventRounds "9"]
[EventCountry "UKR"]
[SourceTitle "CBM 144 Extra"]
[Source "ChessBase"]
[SourceDate "2011.10.28"]
[SourceVersion "1"]
[SourceVersionDate "2011.10.28"]
[SourceQuality "1"]

1. d4 d5 2. c4 dxc4 3. Nf3 Nd7 4. e3 Nb6 5. Na3 Nf6 6. Nxc4 Bf5 7. Bd3 Bxd3 8. Qxd3 e6 9. 0-0 Be7 10. b3 0-0 11. Bb2 c5 12. Rfd1 cxd4 13. Bxd4 Nxc4 14. Qxc4 Qa5 15. a4 Rfc8 16. Qd3 Nd5 17. Rac1 h6 18. Ne5 Rd8 19. Nc4 Qa6 20. e4 Nf6 21. Qf3 Rac8 22. h3 b6 23. Bxf6 Bxf6 24. e5 Bg5 25. Rxd8+ Rxd8 26. Rd1 Rxd1+ 27. Qxd1 Qb7 28. Qd3 Be7 29. Nd6 Qc6 30. g3 Kf8 31. Nc4 Kg8 32. Nd6 Qc1+ 33. Kg2 Qc7 34. Nc4 Qc6+ 35. f3 Bc5 36. h4 Be7 37. Nd6 h5 38. Qc4 Qxc4 39. Nxc4 Kf8 40. Kf2 Bc5+ 41. Ke2 Ke7 42. Nd2 Kd7 43. Ne4 Be7 44. Kd3 Kc6 45. Kc4 a6 46. Nc3 g5 47. hxg5 Bxg5 48. b4 h4 49. b5+ axb5+ 50. axb5+ Kc7 51. gxh4 Bxh4 52. Kd4 Bf2+ 53. Ke4 Kd7 54. Kf4 Ke7 55. Ne4 Bd4 56. Nf6 Bc3 57. Ke4 Be1 58. f4 Bh4 59. Ng4 f5+ 60. exf6+ Bxf6 61. Ne5 1/2-1/2

[Event "Yuzhny op"]
[Site "Yuzhny"]
[Date "2011.09.07"]
[Round "7"]
[White "Golovach, Valery"]
[Black "Voropayev, Ivan"]
[Result "1/2-1/2"]
[WhiteElo "2263"]
[BlackElo "2101"]
[PlyCount "109"]
[EventDate "2011.09.03"]
[EventType "swiss"]
[EventRounds "9"]
[EventCountry "UKR"]
[SourceTitle "CBM 144 Extra"]
[Source "ChessBase"]
[SourceDate "2011.10.28"]
[SourceVersion "1"]
[SourceVersionDate "2011.10.28"]
[SourceQuality "1"]

1. c4 Nf6 2. Nc3 c5 3. Nf3 b6 4. g3 Bb7 5. Bg2 g6 6. 0-0 Bg7 7. Re1 0-0 8. e4 d6 9. d4 cxd4 10. Nxd4 Nfd7 11. Be3 Na6 12. Rc1 Nac5 13. b4 Na6 14. Qb3 Ne5 15. Ncb5 Ng4 16. Bd2 Nc7 17. h3 Nxb5 18. Nxb5 Ne5 19. Be3 a6 20. Nd4 Nc6 21. Ne2 Nb8 22. Red1 Nd7 23. Nc3 Rc8 24. Nd5 e6 25. Nc3 Qc7 26. Ne2 Rfd8 27. Bd4 Qb8 28. Bxg7 Kxg7 29. Qb2+ Nf6 30. Nf4 e5 31. Nd5 Bxd5 32. cxd5 Qb7 33. a4 Qd7 34. Qb3 Rxc1 35. Rxc1 Rc8 36. Rc2 Rc7 37. f4 Ne8 38. fxe5 dxe5 39. Bf1 Nd6 40. Qb2 f6 41. Qc1 Ra7 42. Bg2 Qxa4 43. Rc7+ Rxc7 44. Qxc7+ Nf7 45. Qxb6 Qd1+ 46. Kh2 Qd2 47. Qb7 g5 48. Qb6 h5 49. Qc5 h4 50. g4 Qd3 51. Kg1 Kg8 52. Qc1 Qd4+ 53. Kh2 Qxb4 54. Qc8+ Kg7 55. Qxa6 1/2-1/2

[Event "Yuzhny op"]
[Site "Yuzhny"]
[Date "2011.09.07"]
[Round "8"]
[White "Voropayev, Ivan"]
[Black "Solovyev, Artem"]
[Result "1/2-1/2"]
[WhiteElo "2101"]
[BlackElo "2193"]
[PlyCount "104"]
[EventDate "2011.09.03"]
[EventType "swiss"]
[EventRounds "9"]
[EventCountry "UKR"]
[SourceTitle "CBM 144 Extra"]
[Source "ChessBase"]
[SourceDate "2011.10.28"]
[SourceVersion "1"]
[SourceVersionDate "2011.10.28"]
[SourceQuality "1"]

1. Nf3 Nf6 2. g3 d5 3. d4 g6 4. Bg2 Bg7 5. c4 c6 6. Nbd2 0-0 7. 0-0 Nbd7 8. Re1 Re8 9. e4 dxe4 10. Nxe4 Nxe4 11. Rxe4 Nf6 12. Re1 Bf5 13. b3 Qa5 14. Bb2 Rad8 15. Qe2 Be4 16. a3 e6 17. Rec1 Qh5 18. h3 Bxf3 19. Qxf3 Qxf3 20. Bxf3 Nd7 21. Rc2 Nb6 22. Rd1 Rd7 23. Rcd2 Red8 24. a4 Na8 25. Bc3 Bh6 26. Rd3 f5 27. d5 cxd5 28. cxd5 Bg7 29. Bxg7 Kxg7 30. d6 e5 31. Rd5 e4 32. Be2 Nb6 33. Rc5 Nc8 34. Bb5 Rxd6 35. Rc7+ Kf6 36. Rdc1 Rd1+ 37. Rxd1 Rxd1+ 38. Kg2 Nd6 39. Rxh7 a6 40. Bc4 Nxc4 41. bxc4 Rb1 42. c5 Rb4 43. Rc7 a5 44. h4 Ke5 45. c6 bxc6 46. Rxc6 Rxa4 47. Rxg6 Ra2 48. Rg8 Kf6 49. Kg1 Kf7 50. Rg5 Kf6 51. Rg8 Kf7 52. Rg5 Kf6 1/2-1/2

[Event "Yuzhny op"]
[Site "Yuzhny"]
[Date "2011.09.05"]
[Round "4"]
[White "Voronov, Yuri"]
[Black "Voropayev, Ivan"]
[Result "1-0"]
[WhiteElo "2294"]
[BlackElo "2101"]
[PlyCount "43"]
[EventDate "2011.09.03"]
[EventType "swiss"]
[EventRounds "9"]
[EventCountry "UKR"]
[SourceTitle "CBM 144 Extra"]
[Source "ChessBase"]
[SourceDate "2011.10.28"]
[SourceVersion "1"]
[SourceVersionDate "2011.10.28"]
[SourceQuality "1"]

1. e4 e5 2. Nf3 Nc6 3. d4 exd4 4. Nxd4 Bc5 5. Be3 Qf6 6. c3 Nge7 7. g3 d6 8. Bg2 a6 9. 0-0 Ne5 10. h3 Bd7 11. Nd2 0-0 12. Kh2 N7g6 13. Qh5 Qd8 14. f4 Nc6 15. f5 Nge5 16. f6 gxf6 17. Qh6 Ne7 18. Rxf6 Kh8 19. Bg5 Ng8 20. Qh4 Qe8 21. Rh6 Nxh6 22. Bxh6 1-0

[Event "Yuzhny op"]
[Site "Yuzhny"]
[Date "2011.09.05"]
[Round "5"]
[White "Voropayev, Ivan"]
[Black "Nasirov, Ruslan"]
[Result "1-0"]
[WhiteElo "2101"]
[BlackElo "1965"]
[PlyCount "71"]
[EventDate "2011.09.03"]
[EventType "swiss"]
[EventRounds "9"]
[EventCountry "UKR"]
[SourceTitle "CBM 144 Extra"]
[Source "ChessBase"]
[SourceDate "2011.10.28"]
[SourceVersion "1"]
[SourceVersionDate "2011.10.28"]
[SourceQuality "1"]

1. c4 c5 2. Nc3 Nc6 3. g3 g6 4. Bg2 Bg7 5. e3 e5 6. Nge2 Nge7 7. a3 0-0 8. 0-0 f5 9. Nd5 d6 10. b4 e4 11. Rb1 Ne5 12. Nef4 g5 13. Nxe7+ Qxe7 14. Nd5 Qf7 15. bxc5 dxc5 16. Qb3 b6 17. Bb2 Nf3+ 18. Bxf3 exf3 19. Qd1 Qh5 20. Ne7+ Kf7 21. Nxc8 Raxc8 22. d4 g4 23. h4 Bf6 24. dxc5 Rfd8 25. Qa4 Be7 26. cxb6 axb6 27. c5 bxc5 28. Qc4+ Kf8 29. Be5 Qf7 30. Qf4 Ra8 31. Rb7 Rxa3 32. e4 Ra4 33. Qh6+ Kg8 34. exf5 Re4 35. Rxe7 Qxe7 36. Bf6 1-0